| 000 | 00729cam a22002411 4500 | ||
|---|---|---|---|
| 999 |
_c7929 _d7929 |
||
| 001 | 7929 | ||
| 003 | BD-JhCC | ||
| 005 | 20180717104841.0 | ||
| 008 | 850516s1962 mau 000 0 eng | ||
| 035 | _a(BD-JhCC)7929 | ||
| 040 |
_aDLC/ICU _cICU _dDLC _dBD-JhCC |
||
| 041 | _aeng | ||
| 050 | 0 | 0 |
_aQH311 _b.V68 |
| 082 | 0 | 0 |
_a574.082 _bFRO 1962 |
| 110 | 2 | _aVoice of America (Organization) | |
| 245 | 1 | 0 |
_aFrontiers of modern biology : _btwenty lectures originally broadcast over the Voice of America / _cCoordinated by Gairdner B. Moment. |
| 260 |
_aBoston, _bHoughton Mifflin _c[1962] |
||
| 300 |
_a192 p. _c21 cm. |
||
| 650 | 0 | _aBiology. | |
| 700 | 1 |
_aMoment, Gairdner Boswick, _d1905- |
|
| 942 |
_2ddc _cBK |
||